The Church and Social Order (Registro nro. 309912)

Detalles MARC
000 -ENCABEZADO
Número de control [NR] 01351nam a2200241 4500
005 - FECHA Y HORA DE LA ÚLTIMA TRANSACCIÓN
control field 20180518113557.0
008 - DE LONGITUD FIJA DE DATOS DE ELEMENTOS - INFORMACIÓN GENERAL
Elementos de longitud fija [NR] 180518s1940 xxu |||fr|||| 001 0 eng d
040 ## - FUENTE DE CATALOGACION [NR]
Agencia de catalogación original [NR] CO-BoUCM
Idioma de catalogación [NR] spa
Quien Cataloga Sandra Yazo
Quien Clasifica Sandra Yazo
041 0# - CODIGO DE IDIOMA [R]
Código de idioma para texto/pista de sonido o título separado [R] Inglés
082 ## - NUMERO DE CLASIFICACION DECIMAL DEWEY [R]
Número de la edición [NR] 20
Número de clasificación [R] 261.8
092 ## - SIGNATURA TOPOGRAFICA LOCAL
Número de clasificación local E46N034
110 1# - ASIENTO PRINCIPAL--NOMBRE CORPORATIVO [NR]
Nombre corporativo o de jurisdicción como elemento de entrada [NR] National Catholic Welfare Conference‏
ID de autoridad 92519
242 03 - TRADUCCION DEL TITULO POR LA AGENCIA CATALOGADORA [R]
Título [NR] La Iglesia y el orden social
Mención de responsabilidad, etc. [NR] por el Departamento Administrativo de la Conferencia Nacional del episcopado Católico
Código de idioma del título traducido [NR] spa
245 13 - MENCION DE TITULO [NR]
Título [NR] The Church and Social Order
Mención de responsabilidad, etc. [NR] a ... Administrative Board of the National Catholic Welfare Conference
260 ## - PUBLICACION, DISTRIBUCION, ETC. (PIE DE IMPRENTA) [R]
Lugar de publicación, distribución, etc. [R] Washington (Estados Unidos)
Nombre del editor, distribuidor, etc. [R] National Catholic Welfare Conference [Conferencia Nacional del episcopado Católico]
Fecha de publicación, distribución, etc. [R] 1940
300 ## - DESCRIPCION FISICA [R]
Extensión [R] 40 páginas
Dimensiones [R] 19 x 13 cm.
500 ## - NOTA GENERAL [R]
Nota general [NR] Detalles físicos: Encuadernación flexible en papel, tapas con datos de publicación, a color. Portada impresa en una sola tinta. Texto impreso en una sola columna sobre papel satinado. Notas de pie de página. Índice. Ejemplar en regular estado, desencuadernado, tapas sueltas y rotas
506 ## - NOTA DE RESTRICCIONES DE ACCESO [R]
Condiciones de acceso [NR] Consulta en sala
520 ## - NOTA DE RESUMEN, ETC. [R]
Nota de sumario, etc. [NR] Documento del Episcopado de los Estados Unidos sobre la Iglesia católica y el orden social
650 #7 - ASIENTO SECUNDARIO DE MATERIA - TERMINO TEMATICO [R]
9 (RLIN) 7704
Término temático o nombre geográfico como elemento de entrada [NR] Iglesia Católica y problemas sociales
690 ## - ASUNTO AGREGADO LOCAL DE ENTRADA - TÉRMINO TEMÁTICO (OCLC, RLIN)
Acceso temático local Iglesia
9 (RLIN) 17130
942 ## - ELEMENTOS DE ENTRADA AGREGADOS (KOHA)
Sistema de clasificación LOCAL
Tipo de ítem principal el descrito en 300a Libro
Edición 1
Clasificación E46N034
Existencias
Suprimido Perdido Sistema de clasificación Dañado No prestable Tipo de ítem específico Ubicación habitual Ubicación actual Localización Fecha de creación Forma de adquisición Costo Total préstamos Signatura topográfica Código de barras Última vez visto Ejemplar Price effective from Tipo de ítem
    LOCAL     Libro archivo Archivo Histórico Archivo Histórico Archivo histórico 18/05/2018 Donación 0.00   E46N034 L006587 18/05/2018 Ej.1 18/05/2018 Libro